Elasticity In Engineering Mechanics (Record no. 3161)

MARC details
005 - DATE AND TIME OF LATEST TRANSACTION
control field 20250604165645.0
020 ## - INTERNATIONAL STANDARD BOOK NUMBER
International Standard Book Number 0-471-31614-8
082 ## - DEWEY DECIMAL CLASSIFICATION NUMBER
Classification number TEA LECT 620.112 BOR
100 ## - MAIN ENTRY--PERSONAL NAME
Author name BORESI, A. P.
245 ## - TITLE STATEMENT
Title Elasticity In Engineering Mechanics
250 ## - EDITION STATEMENT
Edition statement 2nd Ed.
260 ## - PUBLICATION, DISTRIBUTION, ETC.
Place of publication, distribution, etc. New York,
Name of publisher, distributor, etc. John Wiley & Sons, Inc,
Date of publication, distribution, etc. 2000.
300 ## - PHYSICAL DESCRIPTION
Extent xviii, 615p.: ill.; figure, table.
Other physical details Index, references.
Dimensions 25cm.
700 ## - ADDED ENTRY--PERSONAL NAME
Other authors/Editors CHONG, K. P..
942 ## - ADDED ENTRY ELEMENTS (KOHA)
Source of classification or shelving scheme Dewey Decimal Classification
Koha item type Books
Holdings
Date last seen Total checkouts Full call number Barcode Cost, replacement price Price effective from Koha item type Lost status Source of classification or shelving scheme Damaged status Not for loan Withdrawn status Home library Current library Shelving location Date acquired Cost, normal purchase price
06/04/2025   TEA LECT 620.112 BOR 00000011080 894900.00 06/04/2025 Books   Dewey Decimal Classification       College of Business Education Main Library College of Business Education Main Library General Collection 04/22/2005 298300.00
06/04/2025   TEA LECT 620.112 BOR 00000011081 894900.00 06/04/2025 Books   Dewey Decimal Classification       College of Business Education Main Library College of Business Education Main Library General Collection 04/22/2005 298300.00